| 000 | 01091nam a2200181Ia 4500 | ||
|---|---|---|---|
| 008 | 151202s9999||||xx |||||||||||||| ||und|| | ||
| 082 | _bPNVM-74956 | ||
| 100 | _aअनेक लेखक. | ||
| 245 | _a"म्हातारी चेटकी, राजपुत्र जय, रानपरी आणि राजपुत्र, राक्षस अजगर ( 4 पुस्तके एकत्रित )." | ||
| 260 | _b"अमोल प्रकाशन, पुणे." | ||
| 260 | _c74956 | ||
| 300 | _a64 | ||
| 600 | _aअनेक लेखक. | ||
| 630 | _a"म्हातारी चेटकी, राजपुत्र जय, रानपरी आणि राजपुत्र, राक्षस अजगर ( 4 पुस्तके एकत्रित )." | ||
| 700 | _aअनेक लेखक. | ||
| 730 | _a"म्हातारी चेटकी, राजपुत्र जय, रानपरी आणि राजपुत्र, राक्षस अजगर ( 4 पुस्तके एकत्रित )." | ||
| 942 | _cBOOK | ||
| 999 |
_c1341616 _d1341613 |
||